BIBLIOTECA PODER JUDICIAL
Portal Judicial TDF

Una nueva noción de familia : (Registro nro. 6277)

000 -LEADER
fixed length control field 01020nab a22002177a 4500
003 - CONTROL NUMBER IDENTIFIER
control field OSt
005 - DATE AND TIME OF LATEST TRANSACTION
control field 20260128210837.0
008 - FIXED-LENGTH DATA ELEMENTS--GENERAL INFORMATION
fixed length control field 190514b xxu||||| |||| 00| 0 spa d
040 ## - CATALOGING SOURCE
Transcribing agency PJ
100 ## - MAIN ENTRY--PERSONAL NAME
9 (RLIN) 6532
Personal name Baroni, Evangelina
245 10 - TITLE STATEMENT
Title Una nueva noción de familia :
Remainder of title la familia multiespecie /
Statement of responsibility, etc Evangelina Baroni.
300 ## - PHYSICAL DESCRIPTION
Extent p. 214-218
500 ## - GENERAL NOTE
General note Cita: TR LALEY AR/DOC/2709/2025.
505 ## - FORMATTED CONTENTS NOTE
Formatted contents note Sumario: I. Introducción.— II. Los antecedentes fácticos de la sentencia.— III. Fundamentos del magistrado. Análisis crítico.— IV. Palabras finales.
505 ## - FORMATTED CONTENTS NOTE
Title Fallo comentado: JDistrito Nro. 3 Familia, Venado Tuerto ~ 03/07/2025 ~ A., M. A. c. T., C. K. s/ medida innovativa.
650 #0 - SUBJECT ADDED ENTRY--TOPICAL TERM
9 (RLIN) 967
Topical term or geographic name as entry element DERECHO DE FAMILIA
650 #0 - SUBJECT ADDED ENTRY--TOPICAL TERM
9 (RLIN) 470
Topical term or geographic name as entry element RELACIONES DE FAMILIA
650 #0 - SUBJECT ADDED ENTRY--TOPICAL TERM
9 (RLIN) 1057
Topical term or geographic name as entry element JURISPRUDENCIA APLICABLE
773 0# - HOST ITEM ENTRY
Host Biblionumber 2844
Host Itemnumber 3222
Place, publisher, and date of publication Buenos Aires : AbeledoPerrot, 1989-
Title Derecho de familia. Revista Interdisciplinaria de doctrina y jurisprudencia. Diciembre 2025-VI.
International Standard Book Number 18511201
942 ## - ADDED ENTRY ELEMENTS (KOHA)
Source of classification or shelving scheme
Koha item type Analítica Artículo de Revista

No hay ítems disponibles.

12 de Octubre 789 Ushuaia - Tel:  54(02901)441571
Horario de Atención: 8.00 a 17.00 hs. 
bibliotecaush@justierradelfuego.gov.ar
koha@justierradelfuego.gov.ar
Seguinos en nuestras redes @bibliojustdf 

Con tecnología Koha